| 000 | 02088cam a22004934i 4500 | ||
|---|---|---|---|
| 003 | PE-LiUPU | ||
| 005 | 20250731183431.0 | ||
| 008 | 150706s2001 sp a rb 000 0 spa d | ||
| 020 | _a9788483015339 | ||
| 035 | _a(Sirsi) i9788483015339 | ||
| 040 |
_aPE-LiUPU _bspa _cPE-LiUPU _erda |
||
| 049 | _aPRUA | ||
| 082 | 0 | 4 |
_a720 _bI6 _221 |
| 100 |
_aSolá-Morales i Rubió, Ignasi de, _d1942-2001 |
||
| 245 | 1 | 0 |
_aIntroducción a la arquitectura : _bconceptos fundamentales / _cIgnasi de Sola-Morales . [et al]. |
| 250 | _aSegunda edición. | ||
| 264 | 1 |
_aBarcelona : _bETSAB ; Ediciones UPC, _c2001. |
|
| 300 |
_a154 páginas : _bilustraciones ; _c25 centímetros. |
||
| 336 |
_atext _2rdacontent |
||
| 337 |
_aunmediated _2rdamedia |
||
| 338 |
_avolume _2rdacarrier |
||
| 490 | 0 |
_aArquitex ; _v15 |
|
| 504 | _aIncluye bibliografía. | ||
| 505 | 0 | _aArquitectura -- Técnicas -- Naturaleza -- Estética -- Espacio -- Función -- Vivienda -- Ciudad. | |
| 526 | _aP158 | ||
| 526 | _aP146 | ||
| 526 | _aP17 | ||
| 526 | _aP12 | ||
| 526 | _aP06 | ||
| 526 | 8 |
_iPrograma académico : _5PE-LiUPU |
|
| 541 | _g001-003517; | ||
| 541 | _g003-001758; | ||
| 650 | 1 | 7 |
_aArquitectura. _94555 |
| 650 | 1 | 7 |
_aArquitectura _xEnseñanza |
| 700 | 1 |
_aSolá-Morales Rubió, Ignasi de, _d1942-2001. |
|
| 910 |
_agl _bjv _cng _d20120522 |
||
| 910 |
_adbm _bncf _cncf _d20171124 |
||
| 942 |
_2ddc _cBOOK |
||
| 949 |
_a720 I6 _wDEWEY _c1 _i64726 _lCCODEBUL1 _mBUL _p32.00 _r0 _sY _tBOOK _u2015-7-6 _xINGENIERIA _PP06 _o.STAFF. Colección General |
||
| 994 |
_aC0 _bPEPRU |
||
| 596 | _a1 | ||
| 999 |
_a720 I6 _wDEWEY _c53427 _i64726 _d53427 _e2018-8-7 _f2021-11-9 _g7 _lCCODEBUL1 _mBUL _n2 _p32.00 _r0 _sY _tBOOK _u2015-7-6 _xINGENIERIA _PP06 _0COMPRA _o.STAFF. Colección General |
||
| 999 |
_a720 I6 _wDEWEY _c2 _i77260 _f2021-11-9 _g4 _lCCODEBUL1 _mBUL _p36.97 _r0 _sY _tBOOK _u2017-11-24 _xINGENIERIA _PP06 _0COMPRA _o.STAFF. Colección Ingeniería y Arquitectura |
||
| 980 |
_81 _gALBERTO SANCHEZ Responsable de Automatización |
||